[Event "Tarragona Province-ch"]
[White "Alfonso Pellisa, Aaron"]
[Black "Masalias Mira, Marc"]
[Site "Tarragona"]
[Round "8.9"]
[Result "1/2-1/2"]
[Date "2018.11.18"]
[WhiteElo "1842"]
[BlackElo "1914"]
[PlyCount "65"]
[EventDate "2018.09.30"]
[EventType "swiss"]
[EventRounds "9"]
[EventCountry "ESP"]
[SourceTitle "CBM 187 Extra"]
[Source "ChessBase"]
[SourceDate "2018.11.04"]
[SourceVersion "1"]
[SourceVersionDate "2018.11.04"]
[SourceQuality "1"]

1. e4 c5 2. Nc3 Nc6 3. g3 g6 4. Bg2 Bg7 5. d3 Nf6 6. Be3 d6 7. h3 0-0 8. Nge2 Rb8 9. 0-0 Bd7 10. Qd2 Re8 11. f4 b5 12. g4 b4 13. Nd1 a5 14. c3 bxc3 15. bxc3 a4 16. Ng3 Qc8 17. g5 Nh5 18. Nxh5 gxh5 19. Kh2 Rb6 20. Qe2 Qa6 21. Rc1 Reb8 22. Rc2 a3 23. Rd2 e6 24. Qxh5 Ne7 25. Qe2 Ba4 26. h4 Bxd1 27. Rfxd1 Bxc3 28. Rc2 Rb2 29. Rdc1 Rxc2 30. Rxc2 Rb2 31. Bc1 Rxc2 32. Qxc2 Bb4 33. Qc4 1/2-1/2

[Event "Tarragona-chA"]
[White "Masalias Mira, Marc"]
[Black "Martinez Martin, Jose Javier"]
[Site "Tarragona"]
[Round "9"]
[Result "1-0"]
[Date "2017.11.26"]
[WhiteElo "1830"]
[BlackElo "2006"]
[PlyCount "113"]
[EventDate "2017.10.08"]
[EventType "swiss"]
[EventRounds "9"]
[EventCountry "ESP"]
[SourceTitle "EXT 2019"]
[Source "ChessBase"]
[SourceDate "2018.10.10"]
[SourceVersion "1"]
[SourceVersionDate "2018.10.10"]
[SourceQuality "1"]

1. e4 e6 2. d4 d5 3. Nd2 Nf6 4. e5 Nfd7 5. Bd3 c5 6. c3 Nc6 7. Ne2 Be7 8. 0-0 0-0 9. Nf3 f5 10. exf6 Nxf6 11. h3 cxd4 12. cxd4 Bd6 13. Bf4 Ne8 14. Qd2 Kh8 15. Ng5 Bxf4 16. Nxf4 Qf6 17. Ne2 g6 18. Nf3 Nd6 19. Qg5 Qxg5 20. Nxg5 Nf5 21. Nf3 Bd7 22. Rac1 Rf7 23. a3 Raf8 24. b4 a5 25. b5 Na7 26. a4 Kg7 27. Ne5 Re7 28. Bxf5 Bxb5 29. axb5 gxf5 30. b6 Nc8 31. Rb1 Rd8 32. Rb5 Rd6 33. Rfb1 a4 34. Nc1 Kf6 35. Na2 a3 36. Nc3 Re8 37. Na4 Ne7 38. Ra1 Nc6 39. Nxc6 Rxc6 40. Nc5 Ra8 41. Rb3 e5 42. Nd7+ Ke6 43. Nxe5 Rc2 44. Raxa3 Rxa3 45. Rxa3 Rb2 46. Re3 Kd6 47. Rg3 Rb1+ 48. Kh2 Rxb6 49. Rg7 Rb4 50. Nf3 b5 51. Rxh7 Rb2 52. Kg3 b4 53. h4 b3 54. Rb7 Ke6 55. h5 f4+ 56. Kxf4 Rxf2 57. Kg3 1-0

[Event "Tarragona-chA"]
[White "Madria Garriga, Vidal"]
[Black "Masalias Mira, Marc"]
[Site "Tarragona"]
[Round "8"]
[Result "1/2-1/2"]
[Date "2017.11.19"]
[WhiteElo "2029"]
[BlackElo "1830"]
[PlyCount "39"]
[EventDate "2017.10.08"]
[EventType "swiss"]
[EventRounds "9"]
[EventCountry "ESP"]
[SourceTitle "CBM 181 Extra"]
[Source "ChessBase"]
[SourceDate "2017.12.12"]
[SourceVersion "1"]
[SourceVersionDate "2017.12.12"]
[SourceQuality "1"]

1. d4 Nf6 2. Bf4 g6 3. Nc3 Bg7 4. e4 d6 5. Qd2 0-0 6. 0-0-0 a6 7. Bh6 b5 8. f3 b4 9. Nce2 a5 10. Bxg7 Kxg7 11. g4 Na6 12. Nf4 c5 13. dxc5 Nxc5 14. e5 Ne8 15. Qd4 Ne6 16. Nxe6+ Bxe6 17. exd6+ Kg8 18. dxe7 Qxe7 19. Bc4 Bxc4 20. Qxc4 1/2-1/2

[Event "Tarragona-chA"]
[White "Masalias Mira, Marc"]
[Black "Guasch Figuerola, Agusti"]
[Site "Tarragona"]
[Round "2"]
[Result "0-1"]
[Date "2017.10.15"]
[WhiteElo "1830"]
[BlackElo "2081"]
[PlyCount "94"]
[EventDate "2017.10.08"]
[EventType "swiss"]
[EventRounds "9"]
[EventCountry "ESP"]
[SourceTitle "CBM 181 Extra"]
[Source "ChessBase"]
[SourceDate "2017.12.12"]
[SourceVersion "1"]
[SourceVersionDate "2017.12.12"]
[SourceQuality "1"]

1. e4 g6 2. d4 Bg7 3. Nc3 c6 4. Bc4 d6 5. Nf3 Nf6 6. e5 dxe5 7. Nxe5 0-0 8. 0-0 Nbd7 9. Bg5 Nb6 10. Bb3 a5 11. a4 Nfd5 12. Nxd5 Nxd5 13. Nf3 h6 14. Bh4 f5 15. c4 Nc7 16. Re1 g5 17. Bxg5 hxg5 18. Nxg5 Qe8 19. f4 Bf6 20. Re3 Bxg5 21. fxg5 f4 22. Re5 Qg6 23. h4 Bf5 24. Rxe7 Rf7 25. Qe2 Be6 26. Rxf7 Qxf7 27. Re1 Re8 28. Qd3 Qf5 29. Bc2 Qxd3 30. Bxd3 Bf7 31. Rxe8+ Nxe8 32. Kf2 Nd6 33. b3 Bh5 34. Bc2 Kf7 35. Kg1 Ke6 36. Kf2 Nf5 37. d5+ cxd5 38. cxd5+ Ke5 39. Bxf5 Kxf5 40. d6 Ke6 41. g3 fxg3+ 42. Kxg3 Kxd6 43. Kf4 Ke6 44. Ke4 Bd1 45. h5 Bxb3 46. h6 Bxa4 47. h7 Bc2+ 0-1

[Event "Tarragona Province-chA"]
[White "Fernandez Fuentes, Francisco Javier"]
[Black "Masalias Mira, Marc"]
[Site "L'Hospitalet Infant"]
[Round "9"]
[Result "1-0"]
[Date "2016.11.27"]
[WhiteElo "2147"]
[BlackElo "1999"]
[PlyCount "81"]
[EventDate "2016.10.02"]
[EventType "swiss"]
[EventRounds "9"]
[EventCountry "ESP"]
[SourceTitle "EXT 2018"]
[Source "ChessBase"]
[SourceDate "2017.10.13"]
[SourceVersion "1"]
[SourceVersionDate "2017.10.13"]
[SourceQuality "1"]

1. e4 c5 2. Nf3 Nc6 3. Bb5 g6 4. 0-0 Bg7 5. Re1 Nf6 6. d4 cxd4 7. e5 Nd5 8. Bxc6 bxc6 9. Qxd4 0-0 10. Qh4 f6 11. Bd2 Rb8 12. Na3 Qc7 13. c4 Nb4 14. Bc3 Nd3 15. exf6 exf6 16. Re3 Ne5 17. c5 Ba6 18. Qa4 Bb5 19. Qd4 Rfe8 20. Nxe5 Rxe5 21. Nxb5 Rxb5 22. Qc4+ Rd5 23. b4 Rb8 24. Rd1 Qb7 25. Red3 Qb5 26. Qxb5 Rxb5 27. Rxd5 cxd5 28. Rxd5 Rb7 29. a4 Kf7 30. Rd6 a5 31. b5 Rc7 32. c6 dxc6 33. Rxc6 Rxc6 34. bxc6 Ke6 35. Bxa5 Kd6 36. c7 Kd7 37. Kf1 f5 38. Ke2 Be5 39. h4 Bxc7 40. Bxc7 Kxc7 41. Ke3 1-0

[Event "Tarragona Province-chA"]
[White "Masalias Mira, Marc"]
[Black "Baixauli Cullare, Julio"]
[Site "L'Hospitalet Infant"]
[Round "5"]
[Result "1/2-1/2"]
[Date "2016.10.30"]
[WhiteElo "1999"]
[BlackElo "2152"]
[PlyCount "117"]
[EventDate "2016.10.02"]
[EventType "swiss"]
[EventRounds "9"]
[EventCountry "ESP"]
[SourceTitle "EXT 2018"]
[Source "ChessBase"]
[SourceDate "2017.10.13"]
[SourceVersion "1"]
[SourceVersionDate "2017.10.13"]
[SourceQuality "1"]

1. e4 g6 2. d4 Bg7 3. c4 d6 4. Nc3 Nc6 5. Be3 e5 6. d5 Nd4 7. Bxd4 exd4 8. Nb1 c5 9. Bd3 Nh6 10. Nf3 f6 11. 0-0 0-0 12. Re1 Bg4 13. Nbd2 Qc7 14. h3 Bd7 15. Qc2 Rae8 16. Re2 Nf7 17. Nf1 Ne5 18. Nxe5 fxe5 19. Nh2 Rf7 20. a3 Ref8 21. b4 b6 22. b5 Qd8 23. a4 h5 24. a5 Bh6 25. axb6 axb6 26. Ra7 Qg5 27. f3 Bxh3 28. Rxf7 Rxf7 29. Kh1 Bd7 30. Qb1 Qe7 31. Nf1 Kh7 32. Qe1 Rf4 33. Ra2 Bc8 34. Ra8 Bb7 35. Ra7 Rf7 36. Kg1 Bf4 37. g3 Bh6 38. Kg2 Qf6 39. Qe2 Bc8 40. Rxf7+ Qxf7 41. Qf2 Qd7 42. Kg1 Qa7 43. Kg2 Qa3 44. Qc2 g5 45. Qe2 Kg6 46. Qc2 Qa1 47. Qb1 Qc3 48. Qc2 Kf6 49. Qd2 Qxd2+ 50. Nxd2 g4 51. Nf1 gxf3+ 52. Kxf3 Bg4+ 53. Kf2 Bc1 54. Nh2 Be3+ 55. Kg2 Bc1 56. Nf1 Kg5 57. Nh2 Bd2 58. Nf3+ Bxf3+ 59. Kxf3 1/2-1/2

[Event "Tarragona Province-ch"]
[White "Ano Tafalla, Santiago"]
[Black "Masalias Mira, Marc"]
[Site "Tarragona"]
[Round "1"]
[Result "1-0"]
[Date "2015.09.27"]
[WhiteElo "2302"]
[BlackElo "2015"]
[PlyCount "95"]
[EventDate "2015.09.27"]
[EventType "swiss"]
[EventRounds "9"]
[EventCountry "ESP"]
[SourceTitle "EXT 2017"]
[Source "ChessBase"]
[SourceDate "2016.10.25"]
[SourceVersion "1"]
[SourceVersionDate "2016.10.25"]
[SourceQuality "1"]

1. d4 d5 2. c4 e6 3. Nc3 Nf6 4. Bg5 c6 5. e3 Nbd7 6. Nf3 Qa5 7. Bxf6 Nxf6 8. Bd3 Bb4 9. Qc2 dxc4 10. Bxc4 b5 11. Bd3 Nd5 12. 0-0 Bb7 13. Nxd5 cxd5 14. Qb3 0-0 15. a3 Bd6 16. Qxb5 Qxb5 17. Bxb5 Rab8 18. b4 Rfc8 19. Rfc1 Kf8 20. Ne5 Bxe5 21. dxe5 Ke7 22. Bd3 h6 23. Kf1 Kd7 24. Ke2 Bc6 25. Rc5 Bb7 26. Rac1 Rxc5 27. Rxc5 Rc8 28. Rxc8 Bxc8 29. Kd2 Kc7 30. Kc3 Bd7 31. b5 Kb6 32. Kb4 Bc8 33. a4 Bb7 34. a5+ Kc7 35. Kc5 Bc8 36. b6+ axb6+ 37. axb6+ Kb8 38. Bb5 Kb7 39. h4 Kb8 40. g4 Kb7 41. g5 hxg5 42. hxg5 Kb8 43. Be8 Kb7 44. Bxf7 Bd7 45. f4 Bc8 46. f5 exf5 47. Bxd5+ Kb8 48. e6 1-0

[Event "Tarragona Calbet Memorial"]
[White "Masalias Mira, Marc"]
[Black "Ferrer Dalmau, Josep Antonio"]
[Site "Tarragona"]
[Round "7"]
[Result "1-0"]
[Date "2013.05.25"]
[WhiteElo "1847"]
[BlackElo "1807"]
[PlyCount "53"]
[EventDate "2013.04.13"]
[EventType "swiss"]
[EventRounds "8"]
[EventCountry "ESP"]
[SourceTitle "EXT 2014"]
[Source "ChessBase"]
[SourceDate "2013.11.20"]
[SourceVersion "1"]
[SourceVersionDate "2013.11.20"]
[SourceQuality "1"]

1. e4 c5 2. Nf3 d6 3. d4 cxd4 4. Nxd4 Nf6 5. Nc3 a6 6. Be2 g6 7. 0-0 Bg7 8. Be3 b5 9. a3 Bb7 10. Bf3 Nbd7 11. Re1 0-0 12. Nb3 Ne5 13. Bd4 Nxf3+ 14. Qxf3 Rc8 15. Rac1 Rc4 16. Rcd1 e5 17. Bxe5 Qa8 18. Bxf6 Bh6 19. Rxd6 Re8 20. Rd4 Rc7 21. Na5 Bf8 22. Nxb7 Rxb7 23. Red1 Be7 24. Rd7 Qa7 25. Rxb7 Qxb7 26. Bxe7 Qxe7 27. Nd5 1-0